000 01204nam a2200277 a 4500
999 _c466
_d466
003 AR-BaISA
005 20220601183959.0
007 ta
008 180717t2012 sp ad||| |||| 00| 0 spa d
020 _a9788427715080
040 _cAR-BaISA
082 0 4 _222
_a371.1 D33
100 1 0 _91155
_aDay, Christopher
_eaut.
245 1 0 _aPasión por enseñar:
_bla identidad personal y profesional del docente y sus valores /
_cChristopher Day
250 _a4ª ed.
260 _aMadrid:
_bNarcea,
_c[2012]
300 _a212 p.:
_bil., graf.
490 1 _aEducadores XXI
504 _aBibliografía p: [193]-212
505 _tLa necesidad de la pasión --
_tFines morales: afecto, valor y las voces de los alumnos --
_tEmociones, sentimientos e identidad personal y profesional --
_tLa pasión y el compromiso: satisfacción en el trabajo, motivación y autoeficacia --
_tConstruir el saber sobre la práctica --
_tPasión por el propio aprendizaje y por el desarrollo profesional --
_tComunidades de aprendizajes apasionadas --
_tMantener la pasión
650 1 4 _9290
_aDocencia
650 1 4 _9653
_aDocente
_xaprendizaje
650 1 4 _9287
_aEducación
830 0 _9856
_aEducadores XXI
942 _2ddc
_cLI